| 000 | 00619nam a2200193 i 4500 | ||
|---|---|---|---|
| 001 | 59252 | ||
| 003 | ES-MaACL | ||
| 005 | 20230906164010.0 | ||
| 007 | t| | ||
| 008 | 031028s1947 xxu ||||1| spa d | ||
| 245 | 0 | 0 |
_aEmpleo y construcción de las fórmulas de tiempos / _cpreparado por Harold B. Maynard. |
| 260 |
_a[Pittsburgh : _bMethods Engineering Council, _c1947] |
||
| 300 |
_a30 p. : _bil. ; _c23 cm. |
||
| 490 | 1 | _aMétodos de fabricación | |
| 700 | 1 |
_aMaynard, Harold Bright. _979384 |
|
| 830 | 0 |
_aMétodos de fabricación _9180961 |
|
| 852 |
_aES-MaACL _j2019-F-20 _bR.45838 |
||
| 999 |
_c59252 _d59252 |
||